| 000 | 00453nam a2200181Ia 4500 | ||
|---|---|---|---|
| 008 | 220531s9999 xx 000 0 und d | ||
| 041 | _aeng | ||
| 082 | _bKOT | ||
| 100 |
_aKotibhaskar,. J. And Shah ,. P. K. _932310 |
||
| 245 | _aAdvanced Accountancy. | ||
| 250 | _a1ST | ||
| 260 |
_aPune _bSuvichar _c1993 |
||
| 300 | _a276 | ||
| 542 | _d01-01-2010 | ||
| 650 |
_aAccountancy _932311 |
||
| 906 |
_d2009-2010 _d2014-2015 _f3102 |
||
| 999 |
_c20131 _d20131 |
||